000 00568ntaaa2200205 4500
003 01
005 20251027202959.0
008 0714s1973 ag 01
040 _aAR-BaBN
_bspa
_cAR-BaBN
_eaacr
_dRIC
082 _a982.0740 L96
100 _aLuiggi, Alice Houston
_96785
245 _aSesenta y cinco valientes
250 _a1 ed.
260 _aBuenos Aires :
_bEditorial Agora,
_cc1959
300 _a250 p
500 _aSarmiento y las maestras norteamericanas
650 _aSarmiento, Domingo Faustino
_930750
650 _aescuelas-Argentina
_930751
942 _cBK
999 _c25197
_d25197